Kulturhauptstadt Breslau - in Breslau und Königswinter

Titel: Kulturhauptstadt Breslau - in Breslau und Königswinter / Bernadett Fischer
Verfasser:
In: Schlesischer Kulturspiegel, Band 51, Heft 2 (2016), Seite 17-19
alle Artikel anzeigen
Veröffentlicht: 2016
Umfang: Illustrationen
Format: Aufsatz
Sprache: Deutsch
Schlagworte:
Kein Bild verfügbar
X
alg: 43151324
001A    $03025:18-05-18 
001B    $05000:01-04-20 $t14:36:37.000 
001D    $03025:18-05-18 
001U    $0utf8 
001X    $00 
002@    $0Oou 
002C    $aText $btxt $2rdacontent 
002D    $aComputermedien $bc $2rdamedia 
002E    $aOnline-Ressource $bcr $2rdacarrier 
003@    $0431513244 
007A    $0431513244 $aHEB 
009Q    $uhttps://www.kulturwerk-schlesien.de/unsereveroeffentlichungen/m_8392 $xH 
010@    $ager 
010E    $erda 
011@    $a2016 
021A    $aKulturhauptstadt Breslau - in Breslau und Königswinter $hBernadett Fischer 
028A    $BVerfasser $4aut $7 $8Fischer, Bernadett [Tnd] $9419611428 
031A    $d51 $e2 $h17-19 $j2016 
034M    $aIllustrationen 
039B    $aEnthalten in $8--Obvc--. Schlesischer Kulturspiegel. - Würzburg : Stiftung Kulturwerk Schlesien, 2003-. - Online-Ressource $x201600000510002983 $9219796955 
044K    $RNiederschlesien $#Breslau $#Wrocław $#Wrotizla $#Breßlau $#Breßlaw $#Vroclav $#Vratislav $#Vratislavia $#Vratislauiae $#Bresslau $#Wratislavia $#Brassel $#Bresla $#Wratislava $#Smirna $#Breslavia $#Wroclaw $74008216-7 $8Breslau [Tg1] $9085014184 
044K    $74031563-0 $8Königswinter [Tg1] $9085083720 
044K    $8Kulturhauptstadt [Ts1] $9458603015 
045R    $aGeschichte 2016 

lok: 43151324 78

exp: 43151324 78 1 #EPN
201B/01 $018-05-18 $t08:17:47.000 
201C/01 $018-05-18 
201U/01 $0utf8 
203@/01 $01022042254 
208@/01 $a18-05-18 $be 
209A/01 $a/ $f000 $x00 
209A/01 $ab*p $x01 
220C/01 $apgar 
244Z/01 $#Generalgouvernement Polen $#Polska $#Rzeczpospolita Polska $#Polska Rzeczpospolita Ludowa $#Poland $#Pologne $#République Polonaise $#Generalne Gubernatorstwo w Polsce $#Polish People's Republic $#Polska Rzeczpospolita Polen $#PRL $#RP $#Polen Generalgouvernement $#Polska Generalgouvernement $#Besetzte Polnische Gebiete $#Besetztes Gebiet in Polen $#Okupowane Polskie Obszary $#Obszary Okupowane w Polsce $#Volksrepublik Polen $#Polska Rosyjska $#Republic Polen $#Respublika Pol'ša $#Pol'skaja Narodnaja Respublika $#République de Pologne $#Polen Links der Weichsel $#Polska po Lewej Stronie Wisły $#Lenkija $#Polija $#Gubernija Carstva Pol'skago $#Republik Polen $74046496-9 $8--Tg1--Polen $x01 $9085129801 
244Z/01 $#Schlesien $#Schlesien $#Herzogtum Schlesien $#Herzogtum Schlesien Schlesien $#Provinz Schlesien $#Śla̜sk $#Slezsko $#Silesia $74052678-1 $8--Tg1--Schlesien $x02 $9085146781 
247C/01 $82080>Marburg/Lahn, Herder-Institut, Forschungsbibliothek, Bibliographieportal $9336309341
LEADER 00000caa a2200000 c 4500
001 431513244
003 DE-603
005 20200401143637.0
007 cr||||||||||||
008 180518s2016 xx |||| o| u00||u|ger c
035 |a (DE-599)HEB431513244 
040 |a DE-603  |b ger  |c DE-603  |d DE-603  |e rda 
041 |a ger 
100 1 |a Fischer, Bernadett  |e Verfasser  |4 aut  |0 (DE-603)419611428 
245 0 0 |a Kulturhauptstadt Breslau - in Breslau und Königswinter  |c Bernadett Fischer 
264 0 |c 2016 
300 |b Illustrationen 
336 |a Text  |b txt  |2 rdacontent 
337 |a Computermedien  |b c  |2 rdamedia 
338 |a Online-Ressource  |b cr  |2 rdacarrier 
648 7 |a Geschichte 2016  |2 gnd 
650 7 |a Kulturhauptstadt  |0 (DE-588)1204207380  |0 (DE-603)458603015  |2 gnd 
651 7 |a Breslau  |0 (DE-588)4008216-7  |0 (DE-603)085014184  |2 gnd 
651 7 |a Königswinter  |0 (DE-588)4031563-0  |0 (DE-603)085083720  |2 gnd 
773 0 8 |i Enthalten in  |t Schlesischer Kulturspiegel  |d Würzburg : Stiftung Kulturwerk Schlesien, 2003-  |h Online-Ressource  |g Band 51, Heft 2 (2016), Seite 17-19  |w (DE-603)219796955  |w (DE-600)2533923-0 
856 |u https://www.kulturwerk-schlesien.de/unsereveroeffentlichungen/m_8392  |x Verlag 
924 1 |9 2080  |a (DE-603)1022042254  |b DE-2080  |c HES  |d d  |g /